| 000 | 00871nam a2200241 i 4500 | ||
|---|---|---|---|
| 003 | DO-SdBNP | ||
| 005 | 20250626112219.0 | ||
| 007 | ta | ||
| 008 | 231030e1985 dr a|||| |||| 00| 0 spa d | ||
| 040 |
_aDO-SdBNP _bspa _cBNPHU _erda |
||
| 082 | 4 |
_222 _bS218a |
|
| 100 | 1 |
_aSandoval y González, Héctor Antonio _936515 _eautor |
|
| 245 | 1 | 0 |
_aÁlgebra moderna: _bacorde con el programa vigente para el tercer año de la educación media / _cHector Antonio Sandoval y González; prólogo, José Lara |
| 246 | 1 | 4 |
_aÁlgebra moderna: _b3er año educación media. |
| 264 |
_aSanto Domingo : _b Alfa y Omega, _c1985 |
||
| 300 |
_a305 páginas : _bIlustraciones ; _c21 cm. |
||
| 336 |
_2rdacontent _atexto _btxt |
||
| 337 |
_2rdamedia _asin mediación _bn |
||
| 338 |
_2rdacarrie _avolumen _bnc |
||
| 590 | _aInventariado 2023 / MF | ||
| 650 | 0 |
_aÁlgebra _925976 |
|
| 942 |
_2ddc _cLBS1 |
||
| 999 |
_c55338 _d55338 |
||